| 000 | 00550nam a2200205 a 4500 | ||
|---|---|---|---|
| 005 | 20240925064824.0 | ||
| 008 | 991125s1994 mx 000 0 spa u | ||
| 020 | _a9688424447 | ||
| 035 | _aUPN01000019486 | ||
| 049 | _aF | ||
| 050 | 4 |
_aJC160 _bA7.4 |
|
| 100 | 1 | _aArriola, Carlos | |
| 245 | 1 | 4 |
_aLos enemigos de la modernidad / _cCarlos Arriola. |
| 260 |
_aMéxico : _bPorrúa, _c1994. |
||
| 300 | _a25 p. | ||
| 440 | 0 |
_aTextos para el cambio ; _v1 |
|
| 650 | 2 |
_aPolítica social _91450 |
|
| 650 | 2 |
_aPolítica económica _91147 |
|
| 905 | _aLibro | ||
| 999 |
_c19486 _d19486 |
||